书目信息 |
| 题名: |
综合布线
|
|
| 作者: | 李畅 编著 | |
| 分册: | ||
| 出版信息: | 北京 高等教育出版社 2018 |
|
| 页数: | 327页 | |
| 开本: | 26cm | |
| 丛书名: | ||
| 单 册: | ||
| 中图分类: | TP393.033 | |
| 科图分类: | ||
| 主题词: | 计算机网络--布线--职业教育--教材 | |
| 电子资源: | ||
| ISBN: | 978-7-04-049220-0 | |
| 000 | 01016nam0 2200253 450 | |
| 001 | 0104440384 | |
| 005 | 20180601100230.0 | |
| 010 | @a978-7-04-049220-0@dCNY44.90 | |
| 100 | @a20180312d2018 em y0chiy0120 ea | |
| 101 | 0 | @achi |
| 102 | @aCN@b110000 | |
| 105 | @aa z 000yy | |
| 106 | @ar | |
| 200 | 1 | @a综合布线@9Zong;Zeng He;Ge Bu Xian @f李畅[等]编著@b专著 |
| 210 | @a北京@c高等教育出版社@d2018 | |
| 215 | @a327页@c图@d26cm | |
| 300 | @a“十二五”职业教育国家规划教材修订版 国家职业教育网络技术专业教学资源库配套教材 高等职业教育计算机类课程新形态一体化规划教材 | |
| 304 | @a编著者还有:汪晓璐、裴勇、王公儒、严道明 | |
| 330 | @a本书共分为8个学习单元:综合布线系统认知、综合布线项目管理、综合布线系统设计、综合布线系统施工、综合布线系统测试、综合布线系统工程验收、综合布线系统维护、综合布线招投标设计。 | |
| 606 | 0 | @a计算机网络@x布线@x职业教育@j教材 |
| 690 | @aTP393.033@v5 | |
| 701 | 0 | @a李畅@c(计算机网络)@4编著@9li chang |
| 801 | 0 | @aCN@bAZmarc@c20230905 |
| 905 | @aBZT@dTP393@e116@f3@sTP393/116 | |
| 综合布线/李畅[等]编著.-北京:高等教育出版社,2018 |
| 327页:图;26cm |
| “十二五”职业教育国家规划教材修订版 国家职业教育网络技术专业教学资源库配套教材 高等职业教育计算机类课程新形态一体化规划教材 |
| ISBN 978-7-04-049220-0:CNY44.90 |
| 本书共分为8个学习单元:综合布线系统认知、综合布线项目管理、综合布线系统设计、综合布线系统施工、综合布线系统测试、综合布线系统工程验收、综合布线系统维护、综合布线招投标设计。 |
| ● |
| 相关链接 |
|
|
|
正题名:综合布线
索取号:TP393/116
 
预约/预借
| 序号 | 登录号 | 条形码 | 馆藏地/架位号 | 状态 | 备注 |
| 1 | 2000001091 | 2000001091 | 旧书回溯/ [索取号:TP393/116] | 在馆 | |
| 2 | 2000001643 | 2000001643 | 旧书回溯/ [索取号:TP393/116] | 在馆 | |
| 3 | 2000001645 | 2000001645 | 旧书回溯/ [索取号:TP393/116] | 在馆 |